[Event "Panagyurishte op 8th"]
[Site "Panagyurishte"]
[Date "2022.05.29"]
[Round "4"]
[White "Mishev, Liubomir"]
[Black "Delloudis, Georgios"]
[Result "1-0"]
[WhiteElo "2096"]
[BlackElo "1654"]
[PlyCount "79"]
[EventDate "2022.05.28"]
[EventType "swiss"]
[EventRounds "6"]
[EventCountry "BUL"]
[SourceTitle "EXT 2023"]
[Source "ChessBase"]
[SourceDate "2022.10.05"]
[SourceVersion "1"]
[SourceVersionDate "2022.10.05"]
[SourceQuality "1"]

1. e4 e5 2. Nf3 Nc6 3. Bb5 d6 4. d4 exd4 5. Nxd4 Bd7 6. 0-0 Be7 7. Re1 Nf6 8. Nc3 0-0 9. Bxc6 bxc6 10. Qf3 Ng4 11. Nf5 Bxf5 12. Qxf5 Qc8 13. Qxc8 Raxc8 14. h3 Ne5 15. b3 Bf6 16. Bb2 Nd7 17. Na4 Bxb2 18. Nxb2 Rfe8 19. Rad1 f6 20. f3 Kf7 21. Rd4 Nb6 22. a4 Re7 23. a5 Nd7 24. Rb4 Rb8 25. Nd3 Rxb4 26. Nxb4 Nb8 27. Ra1 f5 28. exf5 Kf6 29. Kf2 Kxf5 30. c4 g5 31. Nc2 Kf6 32. b4 a6 33. Nd4 Re5 34. Nb3 Ke7 35. Rh1 Kf7 36. h4 Kg7 37. hxg5 Rxg5 38. f4 Rf5 39. Kf3 h5 40. Nc5 1-0